How to pay for tropical rain forests (Registro nro. 9807)

Detalles MARC
000 -CABECERA
Campo de control 004170000a22001570004500
090 ## - CLASIFICACIÓN LOCAL
Colección AR
Consecutivo 00716
041 0# - IDIOMA
Código de idioma para texto/pista de sonido o título separado
100 1# - ASIENTO PRINCIPAL--NOMBRE PERSONAL
Nombre personal Dobson, Andy
245 10 - MENCION DE TITULO
Título How to pay for tropical rain forests
650 14 - ASIENTO SECUNDARIO DE MATERIA - TERMINO TEMATICO
Término temático o nombre geográfico como elemento de entrada Uso sostenible
650 14 - ASIENTO SECUNDARIO DE MATERIA - TERMINO TEMATICO
Término temático o nombre geográfico como elemento de entrada Biodiversidad
650 14 - ASIENTO SECUNDARIO DE MATERIA - TERMINO TEMATICO
Término temático o nombre geográfico como elemento de entrada Recursos genéticos
700 1# - ASIENTO SECUNDARIO - NOMBRE PERSONAL
Nombre personal Absher, Robin
773 1# - Item fuente:
Título Tree
Especificación de materiales 30
Descripción física 11
Paginas del Articulo 348-351
Lugar, editorial y fecha de publicación 1991
Información sobre la relación 6
942 ## - ELEMENTOS ADICIONALES (KOHA)
Tipo de ítem Artículo
Existencias
Withdrawn status Lost status Damaged status No para préstamo Colección Ubicación Permanente Ubicación actual Fecha de adquisición Datos de publicación Seriada Total Checkouts Número topográfico Inventario / Código de Barras Date last seen Ejemplar Price effective from Forma de adquisición Tipo de material
      No para Préstamo Hemeroteca Bogotá Bogotá 27/02/2015 Fuera de circulación   AR 00716 011033 25/03/2015 1 25/03/2015   Artículo